000 00753cam a2200241 a 4500
001 4697373
005 20250222121344.0
008 820923s1983 maua 001 0 eng
020 _a0316203963
050 0 0 _aRG525
_b.E2 1983
082 0 0 _a618.2
_219
100 1 _aEastman, Nicholson J.
_q(Nicholson Joseph),
_d1895-1973.
245 1 0 _aEastman's Expectant motherhood /
_cby Keith P. Russell.
250 _a7th ed., rev.
260 _aBoston :
_bLittle, Brown and company
_cc1983.
300 _axvi, 256 p. :
_bill. ;
_c22 cm.
500 _aIncludes index.
650 0 _aPregnancy
_vPopular works.
650 0 _aChildbirth
_vPopular works.
650 0 _aObstetrics
_vPopular works.
700 1 _aRussell, Keith P.
942 _2lcc
_cBK
_e7th ed. rev.
_n0
999 _c4128
_d4128